Normal view
MARC view
- Agpaoa, Fe B.,
Entry Personal Name
001 - CONTROL NUMBER
- control field: 5771
003 - CONTROL NUMBER IDENTIFIER
- control field: URS
005 - DATE AND TIME OF LATEST TRANSACTION
- control field: 20230901011101.0
008 - FIXED-LENGTH DATA ELEMENTS
- fixed length control field: 230901|| aca||aabn | a|a d
040 ## - CATALOGING SOURCE
- Original cataloging agency: URS
100 ## - HEADING--PERSONAL NAME
- Personal name: Agpaoa, Fe B.,
- Relator term: author.